[Event "Caorle op"]
[Site "Caorle"]
[Date "1989.??.??"]
[Round "7"]
[White "Schilstra, BJ."]
[Black "Vlajkovic, Slobodan"]
[Result "1/2-1/2"]
[WhiteElo "2000"]
[BlackElo "2250"]
[PlyCount "123"]
[EventDate "1989.07.??"]
[EventType "swiss"]
[EventRounds "8"]
[EventCountry "ITA"]
[SourceTitle "EXT 2000"]
[Source "ChessBase"]
[SourceDate "1999.11.16"]
[SourceVersion "1"]
[SourceVersionDate "1999.11.16"]
[SourceQuality "1"]

1. d4 Nf6 2. Nf3 g6 3. g3 Bg7 4. Bg2 0-0 5. c4 d6 6. 0-0 c5 7. d5 Na6 8. Nc3 Nc7 9. a4 Bd7 10. h3 Rb8 11. e4 b6 12. Re1 a6 13. e5 Nfe8 14. Bf4 b5 15. axb5 axb5 16. b3 bxc4 17. bxc4 Rb4 18. Qe2 h6 19. Ne4 Bf5 20. g4 Bxe4 21. Qxe4 dxe5 22. Nxe5 Nd6 23. Qe2 Bxe5 24. Bxe5 Nxc4 25. Bc3 Nb6 26. Bxb4 cxb4 27. Qxe7 Qxe7 28. Rxe7 Ncxd5 29. Bxd5 Nxd5 30. Rd7 Nf4 31. Kh2 Rc8 32. Raa7 Rf8 33. Rab7 g5 34. Rxb4 Ng6 35. Rdb7 Kg7 36. Rb8 Rxb8 37. Rxb8 Nf4 38. Rb5 Ng6 39. Kg3 Kg8 40. Kf3 Kg7 41. Ke4 Kf6 42. Rb6+ Kg7 43. Ra6 Nh4 44. f4 gxf4 45. Kxf4 Ng6+ 46. Kg3 Nf8 47. Kf4 Ne6+ 48. Ke5 Ng5 49. Ra3 Ne6 50. Kd6 Nd4 51. Rd3 Ne6 52. Ke7 Nf8 53. Rf3 Ng6+ 54. Ke8 Ne5 55. Rf5 f6 56. Ke7 Ng6+ 57. Ke6 Nf8+ 58. Kd6 Ng6 59. Ra5 Nh4 60. Ke6 Nf3 61. Ra3 Nd4+ 62. Kd5 1/2-1/2

[Event "Caorle op"]
[Site "Caorle"]
[Date "1989.??.??"]
[Round "4"]
[White "Vlajkovic, Slobodan"]
[Black "Csonkics, Tunde"]
[Result "0-1"]
[WhiteElo "2250"]
[BlackElo "2290"]
[PlyCount "72"]
[EventDate "1989.07.??"]
[EventType "swiss"]
[EventRounds "8"]
[EventCountry "ITA"]
[SourceTitle "EXT 2000"]
[Source "ChessBase"]
[SourceDate "1999.11.16"]
[SourceVersion "1"]
[SourceVersionDate "1999.11.16"]
[SourceQuality "1"]

1. c4 Nf6 2. Nc3 e6 3. e4 d5 4. e5 Ne4 5. Nxe4 dxe4 6. Qg4 Nc6 7. Qxe4 Qd7 8. Nf3 Bc5 9. a3 a5 10. b3 b6 11. Bb2 Bb7 12. Be2 0-0-0 13. Qc2 g5 14. h3 h5 15. 0-0-0 Nd4 16. Nxd4 Bxd4 17. Bf3 Bxf3 18. gxf3 Bxb2+ 19. Qxb2 Qd3 20. Qc3 Rd4 21. Rhe1 Qxc3+ 22. dxc3 Rh4 23. Rh1 Rd8 24. Rxd8+ Kxd8 25. Kd2 g4 26. fxg4 hxg4 27. Ke3 gxh3 28. Kf3 h2 29. Kg3 Re4 30. Kf3 Rxe5 31. Rxh2 Re1 32. Rh5 Rc1 33. Ke4 Rxc3 34. Rb5 Kd7 35. f4 a4 36. c5 Rxb3 0-1

[Event "Caorle op"]
[Site "Caorle"]
[Date "1989.??.??"]
[Round "2"]
[White "Vlajkovic, Slobodan"]
[Black "Luciani, Carlo"]
[Result "0-1"]
[WhiteElo "2250"]
[BlackElo "2150"]
[PlyCount "92"]
[EventDate "1989.07.??"]
[EventType "swiss"]
[EventRounds "8"]
[EventCountry "ITA"]
[SourceTitle "EXT 2000"]
[Source "ChessBase"]
[SourceDate "1999.11.16"]
[SourceVersion "1"]
[SourceVersionDate "1999.11.16"]
[SourceQuality "1"]

1. Nf3 Nf6 2. b3 g6 3. Bb2 Bg7 4. c4 c5 5. g3 d6 6. Bg2 e5 7. d3 Nc6 8. 0-0 0-0 9. Nc3 h6 10. e3 Rb8 11. Nd2 Bg4 12. f3 Be6 13. a3 d5 14. e4 dxc4 15. dxc4 Nd4 16. a4 h5 17. Re1 a6 18. Bf1 Bh6 19. Ndb1 h4 20. Nd5 Nh5 21. Bxd4 exd4 22. g4 Nf4 23. Nxf4 Bxf4 24. Bd3 Qg5 25. Ra2 Rbe8 26. Kh1 Bd7 27. Rae2 Bc6 28. Nd2 Kh8 29. Rg2 Bc7 30. Reg1 Re6 31. Qe1 Kg7 32. Qd1 Rf6 33. Rf1 Re8 34. Rgf2 Bf4 35. Re1 Be3 36. Rfe2 Bxd2 37. Rxd2 Rxf3 38. Qxf3 Qxd2 39. Rf1 Rf8 40. Rf2 Qg5 41. Qf4 Qxf4 42. Rxf4 f5 43. gxf5 Rxf5 44. Rxh4 Rf3 45. Be2 Re3 46. Bf1 d3 0-1